| 000 | 00820cam a22002533a 4500 | ||
|---|---|---|---|
| 001 | 15537 | ||
| 003 | PGUSA | ||
| 005 | 20140828083331.0 | ||
| 008 | 050404s2005||||xxu|||||s|||||000 | eng d | ||
| 040 |
_aPGUSA _beng |
||
| 042 | _adc | ||
| 050 | 4 | _aDA | |
| 100 | 1 |
_aFroude, James Anthony, _d1818-1894 |
|
| 245 | 1 | 4 |
_aThe Reign of Henry the Eighth, Volume 1 (of 3) _h[electronic resource] / _cJames Anthony Froude |
| 260 |
_bProject Gutenberg, _c2005 |
||
| 506 | _aPublic domain in the USA. | ||
| 516 | _aElectronic text | ||
| 653 | _aGreat Britain -- History -- Henry VIII, 1509-1547 | ||
| 653 | _aHenry VIII, King of England, 1491-1547 | ||
| 700 | 1 |
_aWilliams, W. Llewelyn _q(William Llewelyn), _d1867-1922 |
|
| 830 | 0 |
_aProject Gutenberg _v15537 |
|
| 856 | 4 | 0 | _uhttp://www.gutenberg.org/ebooks/15537 |
| 942 | _cEB | ||
| 999 |
_c244792 _d244792 |
||